BIBLIOTECA PODER JUDICIAL
Portal Judicial TDF

Despido : (Registro nro. 6569)

000 -LEADER
fixed length control field 01254nab a22002297a 4500
003 - CONTROL NUMBER IDENTIFIER
control field OSt
005 - DATE AND TIME OF LATEST TRANSACTION
control field 20260224130438.0
008 - FIXED-LENGTH DATA ELEMENTS--GENERAL INFORMATION
fixed length control field 190506c xxu||||| |||| 00| 0 spa d
040 ## - CATALOGING SOURCE
Transcribing agency PJ
100 ## - MAIN ENTRY--PERSONAL NAME
9 (RLIN) 7144
Personal name Franco, Marisel Alejandra
245 10 - TITLE STATEMENT
Title Despido :
Remainder of title comunicación y requisitos /
Statement of responsibility, etc Marisel Alejandra Franco, María Virginia Franco.
260 ## - PUBLICATION, DISTRIBUTION, ETC. (IMPRINT)
Place of publication, distribution, etc Buenos Aires :
Name of publisher, distributor, etc AbeledoPerrot,
Date of publication, distribution, etc 2024.
300 ## - PHYSICAL DESCRIPTION
Extent p. 8-20
500 ## - GENERAL NOTE
General note Cita: TR LALEY AR/DOC/2434/2024.
505 ## - FORMATTED CONTENTS NOTE
Formatted contents note Sumario: I. Introducción.— II. Capítulo I: Despido. Concepto. Caracteres.— III. Capítulo II: Requisitos que se deben cumplimentar al notificar el despido.— IV. Capítulo III: El intercambio epistolar.— V. Capítulo IV: Deficiente redacción de la notificación del despido. Casuística. Jurisprudencia y Doctrina.— VI. Capítulo V: Consideraciones finales. Conclusión.— VII. Bibliografía.<br/>
505 ## - FORMATTED CONTENTS NOTE
Title ¿Te interesa el texto completo? Comunicate al correo: koha@justierradelfuego.gov.ar
650 #0 - SUBJECT ADDED ENTRY--TOPICAL TERM
9 (RLIN) 1316
Topical term or geographic name as entry element DERECHO LABORAL
650 #0 - SUBJECT ADDED ENTRY--TOPICAL TERM
9 (RLIN) 1533
Topical term or geographic name as entry element DESPIDO
700 ## - ADDED ENTRY--PERSONAL NAME
9 (RLIN) 7145
Personal name Franco, María Virginia
773 0# - HOST ITEM ENTRY
Host Biblionumber 2751
Host Itemnumber 3202
Place, publisher, and date of publication Buenos Aires : AbeledoPerrot, 2013-
Title Revista de derecho laboral y seguridad social. Nº 21 - Noviembre 2024
942 ## - ADDED ENTRY ELEMENTS (KOHA)
Source of classification or shelving scheme
Koha item type Analítica Artículo de Revista

No hay ítems disponibles.

12 de Octubre 789 Ushuaia - Tel:  54(02901)441571
Horario de Atención: 8.00 a 17.00 hs. 
bibliotecaush@justierradelfuego.gov.ar
koha@justierradelfuego.gov.ar
Seguinos en nuestras redes @bibliojustdf 

Con tecnología Koha